| 000 | 00698nam a2200193Ii 4500 | ||
|---|---|---|---|
| 003 | JO-AjNU | ||
| 008 | 230605s9999||||xx |||||||||||||| ||und|| | ||
| 040 |
_aJO-AjNU _bara _erda _cJO-AjNU |
||
| 041 | _aara | ||
| 050 | 1 | 4 | _aPQ2625.A716.A15 1983 |
| 100 | 3 |
_aمالرو، أندريه ؛ ترجمة وتقديم سامي الجندي ؛ مراجعة حمودي، منير, _eauthor _97229 |
|
| 245 | 0 | 0 | _aسقوط السنديان |
| 264 | 3 | 1 | _aدمشق: طلاس للدراسات والترجمة والنشر، 1983 |
| 300 | _a181ص | ||
| 336 |
_atext _btxt _2rdacontent |
||
| 337 |
_aunmediated _bn _2rdamedia |
||
| 338 |
_avolume _bnc _2rdacarrier |
||
| 650 | 4 |
_aالقصص الفرنسية _97230 |
|
| 999 |
_aA174 _c3742 _d3742 |
||